| 000 | 00826nam a2200253Ia 4500 | ||
|---|---|---|---|
| 003 | OSt | ||
| 005 | 20220923211408.0 | ||
| 006 | a|||||r|||| 00| 0 | ||
| 007 | ta | ||
| 008 | 220922b |||||||| |||| 00| 0 hin d | ||
| 020 | _a9788190256216 (hbk) | ||
| 024 | _a238,917 | ||
| 037 | _cTextual | ||
| 040 |
_aARTS _cARTS _bhin |
||
| 041 |
_2hin _ahin |
||
| 082 | _aDelta2wM93, 152P8 | ||
| 100 |
_aपरमहंस योगानन्द _9156292 |
||
| 245 | 0 | _aयोगी कथामृत | |
| 246 | _aYogī kathāmṛuta | ||
| 260 |
_aदिल्ली _b योगा सत्संग सोसाइटी ऑफ इड़िया _c2008 |
||
| 300 |
_a685पृ. _ccm. |
||
| 942 |
_hDelta2wM93, 152P8 _cTEXL _2CC |
||
| 999 |
_c299079 _d299079 |
||